100 największych miast Azji - Statystyki

Ogólne statystyki
  • Ten quiz został rozwiązany 195 razy
  • Średni wynik to 37 z 100
Statystyki odpowiedzi
Kraj/Liczba ludności Miasto % Poprawnych
1.Japonia/37 274 000 Tokio
98%
5.Chiny/21 333 332 Pekin
95%
2.Indie/32 065 760 Delhi
93%
3.Chiny/28 516 904 Szanghaj
93%
10.Turcja/15 636 243 Stambuł
89%
22.Korea Południowa/9 975 709 Seul
87%
6.Indie/20 961 472 Mumbaj/Bombaj
86%
19.Indonezja/11 074 811 Dżakarta
83%
7.Japonia/19 059 856 Osaka
82%
51.Trucja/5 309 690 Ankara
80%
12.Filipiny/14 406 059 Manila
79%
82.Tajwan/2 618 772 Tajpej
78%
26.Iran/9 381 546 Teheran
78%
20.Tajlandia/10 899 698 Bangkok
77%
4.Bangladesz/22 478 116 Dhaka
77%
37.Arabia Saudyjska/7 538 200 Rijad
77%
53.Wietnam/5 067 352 Hanoi
76%
44.Singapur/6 039 577 Singapur
73%
14.Chiny/13 964 637 Kanton
72%
69.ZEA/3 550 622 Dubaj
70%
36.Chiny/7 643 256 Hongkong
69%
63.Afganistan/4 457 882 Kabul
69%
39.Irak/7 511 920 Bagdad
67%
11.Indie/15 133 888 Kolkata/Kalkuta
67%
32.Malezja/8 419 566 Kuala Lumpur
67%
83.Korea Północna/2 581 076 Pjongjang
66%
28.Chiny/8 591 611 Wuhan
66%
9.Pakistan/16 839 950 Karaczi
62%
87.Azerbejdżan/2 262 600 Baku
61%
96.Uzbekistan/1 959 190 Taszkent
52%
76.Turcja/2 803 418 Izmir
48%
93.Japonia/1 973 395 Sapporo
48%
29.Chiny/8 537 646 Xi'an
48%
97.Kazachstan/1 916 782 Ałmaty
45%
23.Japonia/9 571 596 Nagoja
44%
24.Chiny/9 478 521 Chengdu
39%
8.Chiny/16 874 740 Chongqing
38%
68.Japonia/3 778 318 Jokohama
38%
15.Pakistan/13 541 764 Lahaur
38%
64.Korea Południowa/3 414 950 Pusan
38%
57.Indie/4 681 087 Ćennaj/Madras
37%
55.Arabia Saudyjska/4 780 740 Dżudda/Dżedda
37%
13.Chiny/14 011 828 Tiencin
37%
25.Chiny/9 429 381 Nankin
36%
88.Syria/2 132 100 Aleppo
34%
43.Chiny/6 665 951 Harbin
33%
49.Mjanma/5 514 454 Rangun/Jangon
33%
17.Chiny/12 831 330 Shenzhen
28%
79.Indonezja/2 765 487 Surabaja
28%
31.Indie/8 425 970 Bengaluru
27%
45.Chiny/5 930 140 Dalian
26%
42.Indie/6 987 077 Pune
26%
85.Indonezja/2 394 873 Bandung
25%
50.Japonia/5 502 591 Fukuoka
25%
52.Bangladesz/5 252 842 Ćottogram/Chattogram
23%
56.Chiny/4 710 203 Urumczi
23%
54.Chiny/4 809 887 Changsha
22%
94.Iran/1 961 260 Isfahan
22%
46.Chiny/5 865 232 Qingdao
21%
34.Indie/7 784 276 Surat
21%
30.Indie/8 450 228 Ahmedabad
20%
33.Chiny/8 044 878 Hangzhou
20%
60.Chiny/4 496 456 Hefei
20%
38.Chiny/7 527 975 Shenyang
19%
66.Izrael/4 343 584 Tel Awiw-Jaffa
19%
16.Indie/13 193 035 Bangalore
18%
84.Korea Południowa/2 446 418 Daegu
17%
27.Wietnam/9 077 158 Ho Chi Minh
17%
75.Indie/2 815 601 Lucknow
17%
74.Iran/3 001 184 Meszhed
17%
47.Chiny/5 690 312 Zhengzhou
17%
73.Indie/3 073 350 Jaipur
16%
58.Chiny/4 657 381 Kunming
15%
70.Pakistan/3 203 846 Fajsalabad
14%
78.Indie/2 767 031 Kanpur
14%
90.Indonezja/2 097 610 Medan
14%
21.Indie/10 534 418 Hyderabad
13%
61.Chiny/4 490 411 Shantou
13%
35.Chiny/7 764 499 Suzhou
12%
48.Chiny/5 663 015 Jinan
11%
65.Chiny/4 405 292 Ningbo
11%
62.Tajwan/4 470 672 Nowe Tajpej
11%
41.Chiny/7 497 263 Foshan
10%
18.Indie/11 503 293 Chennai
9%
40.Chiny/7 511 851 Dongguan
9%
80.Korea Południowa/2 662 509 Inczon
9%
59.Chiny/4 616 002 Changchun
8%
89.Pakistan/2 098 231 Rawalpindi
7%
95.Indie/1 960 631 Indore
6%
77.Tajwan/2 773 483 Kaohsiung
5%
100.Pakistan/1 814 557 Peszawar
5%
71.Chiny/3 154 157 Taiyuan
5%
86.Indonezja/2 334 871 Bekasi
4%
67.Chiny/4 285 135 Shijiazhuang
4%
98.Tajwan/1 873 794 Tainan
4%
91.Pakistan/2 027 001 Gudźranwala
2%
81.Tajwan/2 648 419 Taizhong
2%
92.Tajwan/2 002 060 Taoyuan
2%
99.Indie/1 818 872 Thane
2%
72.Chiny/3 119 110 Xiamei
2%
Nie znaleziono quizów pasujących do podanych kryteriów
Rozkład punktacji
Procent ludzi z każdym wynikiem
Percentyl według liczby udzielonych odpowiedzi
Twoja historia wyników
Nie rozwiązałeś tego quizu